000 00895cab a2200253 4500
001 WB2849-07
008 090401t1992 xxu||||| |||| 00| 0 eng d
035 _a(Sirsi) u44581
041 _aeng
245 _aImproved energy efficiency
260 _c1992
350 _a0
490 _aDoE News Release
_v(840) 14 December 1992
490 _aArchitects` Journal
_v196(24) 16 December 1992, 8(4)
520 _a"Affordable new low energy housing for housing associations", a report just published by the DoE, gives advice on attaining higher standards of energy conservation on new houses and at minimal extra cost.
650 _aBUILDING REGULATIONS
_96224
650 _aENERGY EFFICIENCY
650 _aENERGY LABELLING SYSTEMS
650 _aHOUSING ASSOCIATIONS
690 _aBUILDING AND CONSTRUCTION-ENERGY CONSERVATION
690 _aHOUSING
942 _n0
948 _c04/03/1997
999 _c28331
_d28331